03614cam a22012374i 4500003000900000005001700009008004100026020001500067020001800082035002000100040003300120041001300153082002000166100002500186245007300211250002300284264003900307300006000346336002100406337002500427338002300452504005600475504003300531505092800564526000901492526000901501526000901510526000901519526000901528526000901537526000901546526000901555526000901564526000901573526000901582526000901591526000901600526000901609526000901618526000901627526000901636526000901645526000901654526000901663526000901672526000901681526000901690526000901699526000901708526000901717526000901726526000901735526000901744526000901753526000901762526000901771526000901780526000901789526000901798526000901807526000901816526000801825526000801833526000801841526000801849526000801857526000801865526000801873526000801881526000801889526000801897526000801905526000801913526000801921526000801929526000801937526000801945526000801953526000801961526000801969526000801977526000801985526000801993526000802001526000802009526000802017526000802025526000802033526000802041526000802049526000802057526000802065526000802073526000802081526000802089526000802097534004902105541001802154541001602172650002802188650003802216650003102254650003402285700003102319700002602350PE-LiUPU20250813185431.0190808s2017 mx a rb 001 0 spa d a6074486476 a9786074486476 a(Sirsi) a252426 aPE-LiUPUbspacPE-LiUPUerda1 aspaheng04a370.15bC692201 aCline, Tony,eautor.10aPsicología educativa /cTony Cline, Anthea Gulliford, Susan Birch. aPrimera edición. 1aMéxico :bManual Moderno,c2017. axiv, 363 páginas :bilustraciones ;c23 centímetros atext2rdacontent aunmediated2rdamedia avolume2rdacarrier aIncluye bibliografía al final de cada capítulo. aÍndice: páginas 357-363.0 a¿Qué hacen los psicólogos educativos? -- Práctica en la psicología educativa basada en evidencia: La naturaleza de la evidencia -- ¿Para qué nos sirve la inteligencia? -- Aumentar el rendimiento educativo: ¿Cómo puede contribuir la psicología de la enseñanza? -- Inclusión de niños con necesidades especiales: ¿Cómo puede la psicología ayudar? -- Comunicación efectiva en la escuela: ¿Los docentes y alumnos hablan el mismo idioma? -- ¿Se puede curar la dislexia? -- ¿Por qué las matemáticas atemorizan a tantas personas? -- Educando niños con autismo: ¿Para qué sirve la teoría y la investigación psicológica? -- Manejando el comportamiento en el salón: Perspectivas de la psicología -- Acosadores escolares: ¿También son víctimas? -- ¿Afrontando la vida, afrontando la escuela? Rechazo a la escuela en jóvenes -- Valores escolares y la identidad del estudiante. aP202 aP201 aP163 aP162 aP161 aP160 aP148 aP147 aP146 aP145 aP144 aP143 aP142 aP141 aP140 aP139 aP138 aP137 aP136 aP135 aP134 aP133 aP129 aP128 aP127 aP120 aP119 aP118 aP116 aP115 aP114 aP110 aP109 aP108 aP104 aP103 aP102 aP99 aP98 aP97 aP96 aP95 aP93 aP90 aP89 aP88 aP83 aP82 aP62 aP59 aP58 aP57 aP51 aP49 aP48 aP47 aP29 aP24 aP20 aP19 aP17 aP15 aP14 aP12 aP10 aP09 aP08 aP07 aP06 aP05 aP04 aP01 pTítulo original :tEducational psychology. g002-00001572; g004-000262;07aPsicología educativa.07aPsicología educativaxManuales.04aPsicología pedagógica.04aPsicología del aprendizaje.1 aGulliford, Anthea,eautor.1 aBirch, Susan,eautor.